Listen for CPD (Record no. 71964)

MARC details
000 -LEADER
fixed length control field 00865cam a2200193 4500
001 - CONTROL NUMBER
control field WB3903-05
008 - FIXED-LENGTH DATA ELEMENTS--GENERAL INFORMATION
fixed length control field 030123n2003 000 0 eng u
035 ## - SYSTEM CONTROL NUMBER
System control number (Sirsi) u121104
245 ## - TITLE STATEMENT
Title Listen for CPD
260 ## - PUBLICATION, DISTRIBUTION, ETC.
Date of publication, distribution, etc. 2003
490 ## - SERIES STATEMENT
Series statement RICS News Service
Volume/sequential designation 16 January 2003, (1)
520 ## - SUMMARY, ETC.
Summary, etc. It is possible to borrow audio tapes and CPD study packs, on a variety of subjects, from the RICS Library free of charge, as part of your CPD requirements. More information on this is available from the library t +44 (0)870 333 1600 or visit the library pages on http://www.rics.org/resources/library http://www.rics.org/ricscms/bin/show?class=News&template=/includes/shownews.html&id=3725&faculty=RICS#
590 ## - LOCAL NOTE (RLIN)
Local note WB
650 ## - SUBJECT ADDED ENTRY--TOPICAL TERM
Topical term or geographic name entry element CPD
650 ## - SUBJECT ADDED ENTRY--TOPICAL TERM
Topical term or geographic name entry element STUDY PACKS
650 ## - SUBJECT ADDED ENTRY--TOPICAL TERM
Topical term or geographic name entry element PROFESSIONAL DEVELOPMENT
690 ## - LOCAL SUBJECT ADDED ENTRY--TOPICAL TERM (OCLC, RLIN)
Topical term or geographic name as entry element CAREERS, EDUCATION AND TRAINING
942 ## - ADDED ENTRY ELEMENTS (KOHA)
Suppress in OPAC 0
Holdings
Withdrawn status Lost status Source of classification or shelving scheme Damaged status Not for loan Home library Current library Shelving location Date acquired Total Checkouts Full call number Barcode Date last seen Copy number Price effective from Koha item type
    Dewey Decimal Classification     London London News article 23/01/2003   WB3903-05 121104-1001 06/08/2019 1 06/08/2019 News article